000 00688nam a2200277Ia 4500
005 20260121124529.0
008 008 260114s9999 xx 000 0 eng d
020 _a9780226275994
037 _aEBOOK
040 _aCRL
040 _beng
040 _cCRL
041 _2eng
041 _aeng
084 _qCRL
100 _aMeier, Heinrich
_9977563
245 0 _aPolitical Philosophy and the Challenge of Revealed Religion
260 _bWalter de Gruyter
260 _bWalter de Gruyter
260 _c2017
650 _aPhilosophy
_9977564
856 _uhttp://www.degruyter.com/isbn/9780226275994
942 _cEBOOK
999 _c1555275
_d1555275